000 00443nam a2200169Ia 4500
003 GCL
008 140319s9999 xx 000 0 eng d
040 _aGCL /
_cGCL
082 0 4 _a629.8
_bM B
100 1 _aMURPHY, GORDON
245 1 0 _aBASIC AUTOMATIC CONTROL THEORY /
_cMURPHY, GORDON
260 _a[S.N] :
_bD. VAN NOSTRAND COMPANY ،
_c1966
300 _a832 P
650 0 4 _aAUTOMATION
650 0 4 _aAUTOMATIC CONTROL
942 _2ddc
_cBK
999 _c10576
_d10576